[Event "3rd Memory of Nebesna Sotnya-2016 B"]
[Site "Lutsk, Volyn region"]
[Date "2016.02.19"]
[Round "11.4"]
[White "Polivanov, Anatoliy"]
[Black "Reshetkov, Kirill"]
[Result "1-0"]
[WhiteElo "2384"]
[BlackElo "2428"]
[PlyCount "59"]
[EventDate "2016.02.19"]
[EventType "swiss (blitz)"]
[EventRounds "22"]
[EventCountry "UKR"]

1. e4 d6 2. d4 Nf6 3. Nc3 e5 4. Nf3 Nbd7 5. Bc4 Be7 6. a4 O-O 7. O-O c6 8. a5
Rb8 9. h3 b5 10. axb6 axb6 11. d5 b5 12. dxc6 bxc4 13. cxd7 Bxd7 14. Qe2 Be6
15. Rd1 Qc7 16. Nh2 h6 17. Ng4 Nxg4 18. hxg4 Qc8 19. Nd5 Bd8 20. g5 hxg5 21.
Ra3 g4 22. Rc3 Bxd5 23. Rxd5 Bb6 24. Rxd6 g3 25. Rxg3 f6 26. Qh5 Bxf2+ 27. Kxf2
Qc5+ 28. Be3 Qxd6 29. Rxg7+ Kxg7 30. Bh6+ 1-0

[Event "3rd Memory of Nebesna Sotnya-2016 B"]
[Site "Lutsk, Volyn region"]
[Date "2016.02.19"]
[Round "11.5"]
[White "Zubarev, Alexander"]
[Black "Reprintsev, Alexander"]
[Result "0-1"]
[WhiteElo "2470"]
[BlackElo "2356"]
[PlyCount "103"]
[EventDate "2016.02.19"]
[EventType "swiss (blitz)"]
[EventRounds "22"]
[EventCountry "UKR"]

1. c4 e5 2. g3 Nc6 3. Bg2 d6 4. Nc3 Be6 5. d3 Qd7 6. e4 Nd4 7. Be3 g6 8. Bxd4
exd4 9. Nce2 Bg7 10. Nf4 Ne7 11. Nxe6 fxe6 12. Nf3 O-O 13. O-O Nc6 14. h4 Bh6
15. Ng5 Bxg5 16. hxg5 e5 17. Kh2 Qe7 18. Qd2 Nd8 19. Bh3 Ne6 20. f4 Rf7 21. Rf2
Raf8 22. Raf1 c5 23. a3 a6 24. Bxe6 Qxe6 25. Qe2 b5 26. b3 exf4 27. gxf4 a5 28.
a4 bxa4 29. bxa4 Qd7 30. Kg3 Qxa4 31. f5 gxf5 32. exf5 Qd7 33. Qg4 d5 34. cxd5
Qxd5 35. Qe4 Qd6+ 36. Kg4 c4 37. dxc4 d3 38. Qd5 Qxd5 39. cxd5 Rd7 40. Rf3 Rxd5
41. Rd1 d2 42. Rf2 Rfd8 43. Rf4 Rd4 44. Kf3 a4 45. Rxd4 Rxd4 46. Ke3 Rd5 47.
Ke4 Rd8 48. g6 hxg6 49. fxg6 a3 50. Ke3 a2 51. Ke2 Kg7 52. Rg1 0-1

[Event "3rd Memory of Nebesna Sotnya-2016 B"]
[Site "Lutsk, Volyn region"]
[Date "2016.02.19"]
[Round "11.6"]
[White "Voitovich, Vladislav"]
[Black "Mischuk, Dmitry"]
[Result "0-1"]
[WhiteElo "2268"]
[BlackElo "2425"]
[PlyCount "102"]
[EventDate "2016.02.19"]
[EventType "swiss (blitz)"]
[EventRounds "22"]
[EventCountry "UKR"]

1. d4 Nf6 2. Bg5 Ne4 3. Bf4 d5 4. e3 Bf5 5. Bd3 Bg6 6. Nf3 e6 7. Ne5 Nf6 8.
Nxg6 hxg6 9. h3 Bd6 10. Bxd6 Qxd6 11. O-O Nbd7 12. c4 dxc4 13. Bxc4 g5 14. f4
gxf4 15. Rxf4 Nb6 16. Bb3 O-O-O 17. Nc3 Kb8 18. Rc1 c6 19. Ne4 Nxe4 20. Rxe4
Nd5 21. Qf3 f6 22. Bxd5 exd5 23. Rg4 Rd7 24. e4 dxe4 25. Rxe4 Rhd8 26. Rce1 a6
27. a3 Ka7 28. Qf2 Ka8 29. Qe3 Qc7 30. Qf2 Qb6 31. Rg4 Qc7 32. Kh1 Qd6 33. Qe3
g5 34. Rf1 Re7 35. Qf3 Re6 36. Qf5 Rde8 37. Qg6 Qe7 38. h4 Rh8 39. Kg1 gxh4 40.
Qg7 Qd8 41. Rff4 h3 42. gxh3 Rxh3 43. Rh4 Rhe3 44. Rh8 Re8 45. Rxe8 Rxe8 46.
Qxf6 Qd5 47. Qf7 Rg8+ 48. Kf1 Qg2+ 49. Ke1 Rh8 50. Rf2 Qe4+ 51. Kf1 Rh1# 0-1

[Event "3rd Memory of Nebesna Sotnya-2016 B"]
[Site "Lutsk, Volyn region"]
[Date "2016.02.19"]
[Round "11.7"]
[White "Bordovsky, Vladimir"]
[Black "Vasina, Olena"]
[Result "1-0"]
[WhiteElo "2424"]
[BlackElo "2146"]
[PlyCount "89"]
[EventDate "2016.02.19"]
[EventType "swiss (blitz)"]
[EventRounds "22"]
[EventCountry "UKR"]

1. e4 c5 2. Nf3 e6 3. b4 cxb4 4. a3 Nf6 5. e5 Nd5 6. axb4 Bxb4 7. c3 Be7 8. d4
O-O 9. Bd3 d6 10. O-O Nc6 11. exd6 Qxd6 12. Re1 Nf6 13. Na3 Qd8 14. Bc2 b6 15.
Qd3 Bb7 16. Nc4 g6 17. Bh6 Re8 18. h3 Bf8 19. Bg5 Bg7 20. Bf4 Nd5 21. Bh2 a5
22. Nd6 Ba6 23. Qd2 Re7 24. Ne4 h6 25. h4 Rc8 26. h5 g5 27. Nfxg5 f5 28. Nd6
Rcc7 29. Nf3 a4 30. Rxa4 Na5 31. c4 Nf6 32. c5 Rcd7 33. Ne5 Rxd6 34. cxd6 Qxd6
35. Bd3 Bxd3 36. Qxd3 Qd8 37. Rb4 Nd5 38. Rb5 Nb7 39. Nc6 Qe8 40. Nxe7+ Nxe7
41. Rxe6 Qf7 42. Rbxb6 Nd8 43. Red6 Ndc6 44. Rdxc6 Nxc6 45. Rxc6 1-0

[Event "3rd Memory of Nebesna Sotnya-2016 B"]
[Site "Lutsk, Volyn region"]
[Date "2016.02.19"]
[Round "11.8"]
[White "Basko, Bogdan"]
[Black "Rakhmangulov, Andrei"]
[Result "0-1"]
[WhiteElo "2134"]
[BlackElo "2402"]
[PlyCount "92"]
[EventDate "2016.02.19"]
[EventType "swiss (blitz)"]
[EventRounds "22"]
[EventCountry "UKR"]

1. d4 Nf6 2. Nf3 c5 3. Bg5 e6 4. e3 Be7 5. c3 d5 6. Bd3 Qb6 7. Qc1 Nc6 8. Nbd2
Bd7 9. O-O cxd4 10. exd4 Rc8 11. Re1 h6 12. Bh4 O-O 13. Nf1 Rfe8 14. Qd2 Na5
15. Ne5 Qd8 16. Rad1 Nc4 17. Qe2 Nxe5 18. dxe5 Nh7 19. Bxe7 Qxe7 20. Ng3 Nf8
21. f4 Ba4 22. Rd2 Red8 23. f5 Qg5 24. Qf2 b6 25. Rf1 Rc7 26. fxe6 fxe6 27. Qf4
Qxf4 28. Rxf4 Be8 29. Re2 Bg6 30. Rxf8+ Kxf8 31. Bxg6 d4 32. Rf2+ Kg8 33. Bf7+
Rxf7 34. Rd2 Rfd7 35. c4 d3 36. Ne4 Rd4 37. Nd6 Rf8 38. g3 g5 39. b3 g4 40. Kg2
Rf3 41. Nb5 Re4 42. Nc3 Rxe5 43. h3 h5 44. hxg4 hxg4 45. Rd1 d2 46. Rxd2 Rxc3
0-1

[Event "3rd Memory of Nebesna Sotnya-2016 B"]
[Site "Lutsk, Volyn region"]
[Date "2016.02.19"]
[Round "12.1"]
[White "Bortnyk, Mykola"]
[Black "Onischuk, Vladimir"]
[Result "1-0"]
[WhiteElo "2665"]
[BlackElo "2728"]
[PlyCount "109"]
[EventDate "2016.02.19"]
[EventType "swiss (blitz)"]
[EventRounds "22"]
[EventCountry "UKR"]

1. e4 d6 2. d4 Nf6 3. Nc3 g6 4. Nf3 Bg7 5. h3 O-O 6. Be3 d5 7. exd5 Nbd7 8. Qd2
Nb6 9. Bh6 Nbxd5 10. Bxg7 Kxg7 11. Bc4 c6 12. O-O Be6 13. Bb3 Nxc3 14. Qxc3 Bd5
15. Bxd5 cxd5 16. Rfe1 Rc8 17. Qb3 e6 18. Qxb7 Rxc2 19. Qxa7 Ne4 20. b4 Rxf2
21. Rxe4 dxe4 22. Kxf2 exf3 23. Kxf3 Qf6+ 24. Kg3 Rc8 25. Kh2 Rc2 26. Rg1 Rd2
27. b5 Rxd4 28. Kh1 Rb4 29. a4 Qf4 30. Ra1 g5 31. Qc5 g4 32. Qc3+ e5 33. hxg4
f6 34. a5 Qxg4 35. a6 Qh5+ 36. Kg1 Rh4 37. Qg3+ Rg4 38. Qf3 e4 39. Qd1 Qc5+ 40.
Kh2 Rh4+ 41. Kg3 Qg5+ 42. Kf2 Qf4+ 43. Ke2 Qg4+ 44. Kd2 e3+ 45. Kxe3 Qf4+ 46.
Ke2 Qe4+ 47. Kd2 Qb4+ 48. Ke2 Re4+ 49. Kf3 Re5 50. Qd3 Qh4 51. a7 Qh5+ 52. Kg3
Rg5+ 53. Kf2 Qh4+ 54. Kg1 Qg4 55. Qd2 1-0

[Event "3rd Memory of Nebesna Sotnya-2016 B"]
[Site "Lutsk, Volyn region"]
[Date "2016.02.19"]
[Round "12.2"]
[White "Klymchuk, Andriy"]
[Black "Razin, Vadim"]
[Result "1-0"]
[WhiteElo "2468"]
[BlackElo "2461"]
[PlyCount "99"]
[EventDate "2016.02.19"]
[EventType "swiss (blitz)"]
[EventRounds "22"]
[EventCountry "UKR"]

1. g3 d5 2. Bg2 Nf6 3. Nf3 c6 4. O-O Bf5 5. d3 e6 6. Nbd2 h6 7. b3 Nbd7 8. Bb2
Be7 9. c4 O-O 10. Re1 Bh7 11. a3 a5 12. Qc2 b5 13. Nd4 Rc8 14. Rac1 e5 15. N4f3
e4 16. Nd4 exd3 17. exd3 Nc5 18. Bf1 Qd7 19. N2f3 Rfe8 20. cxb5 cxb5 21. Qd2
Bd6 22. Rxe8+ Rxe8 23. b4 axb4 24. axb4 Na6 25. Bc3 Rc8 26. Ra1 Qb7 27. Ra5 Nc7
28. Qb2 Bg6 29. Nh4 Qb6 30. Nxg6 fxg6 31. Qa1 Kh7 32. h4 Be5 33. Bb2 Qd6 34.
Nf3 Bxg3 35. fxg3 Qxg3+ 36. Bg2 Ne6 37. Be5 Qg4 38. Bxf6 Rc2 39. Ne1 Nf4 40.
Ra2 Re2 41. Rxe2 Qxe2 42. Bxg7 Qe3+ 43. Kh2 Qf2 44. Be5 Qxh4+ 45. Kg1 Ne2+ 46.
Kf1 Ng3+ 47. Bxg3 Qxg3 48. Qa7+ Kg8 49. Qa8+ Kg7 50. Qxd5 1-0

[Event "3rd Memory of Nebesna Sotnya-2016 B"]
[Site "Lutsk, Volyn region"]
[Date "2016.02.19"]
[Round "12.3"]
[White "Kuzubov, Yuriy"]
[Black "Mirzoev, Emil"]
[Result "0-1"]
[WhiteElo "2712"]
[BlackElo "2432"]
[PlyCount "122"]
[EventDate "2016.02.19"]
[EventType "swiss (blitz)"]
[EventRounds "22"]
[EventCountry "UKR"]

1. d4 Nf6 2. c4 d6 3. Nf3 Bf5 4. g3 c6 5. Nc3 h6 6. Bg2 e6 7. O-O Be7 8. Nd2
O-O 9. e4 Bh7 10. Re1 Na6 11. Nf1 e5 12. d5 Qb8 13. a3 Bd8 14. b4 Bb6 15. Be3
Bxe3 16. Nxe3 c5 17. Rb1 Nd7 18. Bh3 Nf6 19. f3 Qc7 20. Nb5 Qe7 21. Bf5 Rfd8
22. Bxh7+ Kxh7 23. Nf5 Qf8 24. Qd3 g6 25. Ne3 Qe7 26. Ng4 Nd7 27. Qd2 Qf8 28.
f4 h5 29. Nf2 Nb6 30. Rbc1 exf4 31. Qxf4 cxb4 32. e5 dxe5 33. Rxe5 bxa3 34. Ne4
Nd7 35. Ng5+ Kg7 36. Re6 Nac5 37. Re3 a6 38. Nxa3 Rac8 39. Rf1 f6 40. Nf3 Re8
41. Nc2 a5 42. Ncd4 a4 43. d6 a3 44. Rxa3 Ne6 45. Nxe6+ Rxe6 46. Rd3 Rc6 47.
Rfd1 Re8 48. Nd4 Rc5 49. Nb3 Rf5 50. Qd4 Ne5 51. d7 Rd8 52. Qe3 Nxd3 53. Rxd3
Re5 54. Qd2 Qe7 55. Nd4 Kg8 56. Nb5 Re1+ 57. Kf2 Re5 58. Nc3 Qc5+ 59. Kg2 Qxc4
60. Rd6 Rc5 61. Nd5 Qe4+ 0-1

[Event "3rd Memory of Nebesna Sotnya-2016 B"]
[Site "Lutsk, Volyn region"]
[Date "2016.02.19"]
[Round "12.4"]
[White "Reshetkov, Kirill"]
[Black "Polivanov, Anatoliy"]
[Result "0-1"]
[WhiteElo "2428"]
[BlackElo "2384"]
[PlyCount "64"]
[EventDate "2016.02.19"]
[EventType "swiss (blitz)"]
[EventRounds "22"]
[EventCountry "UKR"]

1. d4 e6 2. e4 d5 3. e5 c5 4. c3 Nc6 5. Nf3 Bd7 6. a3 f6 7. Bd3 Qc7 8. Bf4 c4
9. Bc2 O-O-O 10. Bg3 f5 11. Ng5 Nh6 12. Nd2 Be7 13. Bf4 Rdf8 14. Qh5 Be8 15.
Qf3 Bxg5 16. Bxg5 Nf7 17. Qg3 h6 18. Be3 g5 19. f4 gxf4 20. Bxf4 Rfg8 21. Qf2
Ng5 22. Qe3 Ne7 23. b3 Ne4 24. g3 cxb3 25. Bxb3 Kb8 26. c4 dxc4 27. Nxc4 Nd5
28. Qc1 Bb5 29. a4 Bxc4 30. Qxc4 Qa5+ 31. Ke2 Nxf4+ 32. gxf4 Qd2+ 0-1

[Event "3rd Memory of Nebesna Sotnya-2016 B"]
[Site "Lutsk, Volyn region"]
[Date "2016.02.19"]
[Round "12.5"]
[White "Reprintsev, Alexander"]
[Black "Zubarev, Alexander"]
[Result "1-0"]
[WhiteElo "2356"]
[BlackElo "2470"]
[PlyCount "71"]
[EventDate "2016.02.19"]
[EventType "swiss (blitz)"]
[EventRounds "22"]
[EventCountry "UKR"]

1. e4 c5 2. b3 g6 3. Bb2 Nf6 4. Qf3 d6 5. Bxf6 exf6 6. Nc3 Bg7 7. Bd3 Nc6 8.
Qg3 O-O 9. Nge2 Nb4 10. O-O f5 11. Nf4 Nxd3 12. cxd3 fxe4 13. dxe4 b6 14. Nfd5
Bb7 15. Rae1 Re8 16. f4 Qd7 17. f5 b5 18. f6 Bf8 19. Nf4 b4 20. Ncd5 Re5 21. d3
Rae8 22. h4 Kh8 23. Kh2 Bh6 24. Rd1 a5 25. Nb6 Qd8 26. Nc4 Bxf4 27. Qxf4 R5e6
28. h5 gxh5 29. Rf3 d5 30. exd5 Qxd5 31. Rg3 Re2 32. Rg1 h4 33. Rg5 Qe6 34. Nd6
Rg8 35. Rxg8+ Kxg8 36. Qg5+ 1-0

[Event "3rd Memory of Nebesna Sotnya-2016 B"]
[Site "Lutsk, Volyn region"]
[Date "2016.02.19"]
[Round "12.6"]
[White "Mischuk, Dmitry"]
[Black "Voitovich, Vladislav"]
[Result "0-1"]
[WhiteElo "2425"]
[BlackElo "2268"]
[PlyCount "75"]
[EventDate "2016.02.19"]
[EventType "swiss (blitz)"]
[EventRounds "22"]
[EventCountry "UKR"]

1. e4 Nf6 2. e5 Nd5 3. Bc4 Nb6 4. Bb3 d6 5. Nf3 Nc6 6. exd6 cxd6 7. d4 g6 8. h3
Bg7 9. O-O O-O 10. c3 Bf5 11. Bg5 Qc7 12. a4 Na5 13. Bc2 Bxc2 14. Qxc2 Rac8 15.
Nbd2 d5 16. Rfe1 e6 17. Bh4 Nbc4 18. Nxc4 Qxc4 19. Nd2 Qxd4 20. Bg3 Qb6 21.
Rac1 Nc4 22. Nxc4 Rxc4 23. Qd2 Rfc8 24. Ra1 d4 25. cxd4 Rc2 26. Qd3 Bxd4 27.
Rf1 Rxb2 28. a5 Qb4 29. Rac1 Rc3 30. Rxc3 Qxc3 31. Qe4 Bf6 32. Rd1 Qxa5 33. Rd7
Qa1+ 34. Kh2 Rb1 35. Bf4 Bh4 36. g3 Bf6 37. Rc7 Qa5 38. Qxb1 0-1

[Event "3rd Memory of Nebesna Sotnya-2016 B"]
[Site "Lutsk, Volyn region"]
[Date "2016.02.19"]
[Round "12.7"]
[White "Vasina, Olena"]
[Black "Bordovsky, Vladimir"]
[Result "0-1"]
[WhiteElo "2146"]
[BlackElo "2424"]
[PlyCount "124"]
[EventDate "2016.02.19"]
[EventType "swiss (blitz)"]
[EventRounds "22"]
[EventCountry "UKR"]

1. e4 Nf6 2. Nc3 e5 3. Bc4 Bb4 4. d3 h6 5. Nf3 d6 6. O-O O-O 7. h3 c6 8. Bb3
Re8 9. a3 Ba5 10. Re1 Nbd7 11. d4 exd4 12. Qxd4 Nc5 13. Ba2 Bxc3 14. bxc3 Rxe4
15. Rxe4 Ncxe4 16. Bf4 Qb6 17. Re1 Qxd4 18. cxd4 d5 19. c4 Nc3 20. Bb3 Be6 21.
c5 Nce4 22. Ne5 Nd7 23. Nf3 b6 24. Bc2 bxc5 25. Bxe4 dxe4 26. Rxe4 c4 27. Re3
a5 28. Nd2 Nb6 29. Bd6 Nd5 30. Re1 Nc3 31. Ne4 Nxe4 32. Rxe4 c3 33. Re3 c2 34.
Rc3 Rd8 35. Bc5 Bf5 36. g4 Bg6 37. f4 f5 38. g5 hxg5 39. Rxc2 gxf4 40. Rf2 Kf7
41. Rxf4 Ke6 42. Kf2 Kd5 43. Rf3 Bh5 44. Rg3 g6 45. Re3 Kc4 46. Re6 Kb5 47. Ke3
g5 48. Rh6 Bd1 49. Kd2 Bb3 50. Kc3 Bd5 51. Rg6 f4 52. Rxg5 Rh8 53. Rf5 Rxh3+
54. Kb2 Rh2+ 55. Kc3 f3 56. Rf8 Ka6 57. Ra8+ Kb7 58. Ra7+ Kc8 59. Bd6 Rh3 60.
Rc7+ Kd8 61. Kd2 f2 62. Ke2 Rf3 0-1

[Event "3rd Memory of Nebesna Sotnya-2016 B"]
[Site "Lutsk, Volyn region"]
[Date "2016.02.19"]
[Round "12.8"]
[White "Rakhmangulov, Andrei"]
[Black "Basko, Bogdan"]
[Result "1-0"]
[WhiteElo "2402"]
[BlackElo "2134"]
[PlyCount "81"]
[EventDate "2016.02.19"]
[EventType "swiss (blitz)"]
[EventRounds "22"]
[EventCountry "UKR"]

1. d4 Nf6 2. Nf3 d6 3. h3 Nbd7 4. Bf4 g6 5. c3 Bg7 6. e3 b6 7. Bc4 Bb7 8. O-O
O-O 9. Re1 Ne4 10. Nbd2 Ndf6 11. a4 a6 12. Nxe4 Nxe4 13. Nd2 e5 14. Bh2 Qg5 15.
Nxe4 Bxe4 16. f3 Bb7 17. Qe2 Qe7 18. Qf2 c5 19. dxe5 dxe5 20. e4 Rfd8 21. Rad1
Bc6 22. Bb3 Kh8 23. Kh1 f6 24. Bg1 Bh6 25. a5 bxa5 26. Qxc5 Qxc5 27. Bxc5 Rab8
28. Rxd8+ Rxd8 29. Be7 Rf8 30. Bxf8 Bxf8 31. Ra1 f5 32. Rxa5 fxe4 33. fxe4 Bxe4
34. Rxe5 Bd3 35. Rd5 Be4 36. Ra5 Bd3 37. Bd5 Bh6 38. Bb7 Bc1 39. Bxa6 Be4 40.
Rb5 Bd3 41. Rb8+ 1-0

[Event "3rd Memory of Nebesna Sotnya-2016 B"]
[Site "Lutsk, Volyn region"]
[Date "2016.02.19"]
[Round "13.1"]
[White "Klymchuk, Andriy"]
[Black "Bortnyk, Mykola"]
[Result "1-0"]
[WhiteElo "2468"]
[BlackElo "2665"]
[PlyCount "75"]
[EventDate "2016.02.19"]
[EventType "swiss (blitz)"]
[EventRounds "22"]
[EventCountry "UKR"]

1. g3 Nf6 2. Bg2 g6 3. Nf3 Bg7 4. O-O O-O 5. d3 d5 6. Nbd2 Bg4 7. h3 Bxf3 8.
Bxf3 e5 9. e4 c6 10. b3 Re8 11. Re1 Nbd7 12. a4 dxe4 13. dxe4 Nc5 14. a5 Qd7
15. Bg2 Rad8 16. Qe2 Ne6 17. Nf3 Qc7 18. Qc4 Nd4 19. Nxd4 Rxd4 20. Qe2 Red8 21.
Be3 R4d6 22. Bxa7 Rd2 23. Qc4 Qc8 24. Bb6 R8d7 25. Be3 R2d6 26. a6 bxa6 27.
Rxa6 h5 28. Bf3 Kh7 29. Rea1 Qe8 30. Ra8 Rd8 31. Rxd8 Qxd8 32. Qxf7 Rd7 33. Qc4
Qc8 34. Ra6 Rd6 35. Kg2 h4 36. gxh4 Nh5 37. Ra7 Rd7 38. Bg4 1-0

[Event "3rd Memory of Nebesna Sotnya-2016 B"]
[Site "Lutsk, Volyn region"]
[Date "2016.02.19"]
[Round "13.2"]
[White "Polivanov, Anatoliy"]
[Black "Bordovsky, Vladimir"]
[Result "1-0"]
[WhiteElo "2384"]
[BlackElo "2424"]
[PlyCount "120"]
[EventDate "2016.02.19"]
[EventType "swiss (blitz)"]
[EventRounds "22"]
[EventCountry "UKR"]

1. e4 e5 2. Nf3 Nc6 3. Bb5 Nge7 4. c3 d6 5. d3 g6 6. O-O Bg7 7. Nbd2 O-O 8. Re1
h6 9. Nf1 Kh7 10. d4 exd4 11. Nxd4 Bd7 12. Ng3 Nxd4 13. Bxd7 Qxd7 14. cxd4 d5
15. e5 Nf5 16. Ne2 c5 17. dxc5 Bxe5 18. Nf4 Bd4 19. Nd3 Rae8 20. Bf4 Re4 21.
Rxe4 dxe4 22. Ne5 Qe6 23. Ng4 Bxc5 24. Rc1 b6 25. Qd7 Qxd7 26. Nf6+ Kg7 27.
Nxd7 Rd8 28. Nxc5 bxc5 29. Kf1 Rd5 30. Be3 Nxe3+ 31. fxe3 Kf6 32. Ke2 Ke5 33.
Rc4 f5 34. g3 g5 35. Ra4 Rd7 36. Ra5 Rc7 37. b4 Kd5 38. Kd2 Kc4 39. bxc5 Rxc5
40. Rxa7 f4 41. gxf4 gxf4 42. exf4 Rh5 43. Ke3 Rxh2 44. Kxe4 h5 45. Rh7 Rxa2
46. Rxh5 Re2+ 47. Kf5 Kd5 48. Kf6+ Kd6 49. Re5 Rh2 50. Re6+ Kd7 51. f5 Rh6+ 52.
Kf7 Rh7+ 53. Kg6 Rh1 54. Re2 Rg1+ 55. Kf7 Rg3 56. f6 Kd6 57. Kf8 Rg5 58. f7 Ra5
59. Kg7 Rg5+ 60. Kf6 Kd5 1-0

[Event "3rd Memory of Nebesna Sotnya-2016 B"]
[Site "Lutsk, Volyn region"]
[Date "2016.02.19"]
[Round "13.3"]
[White "Rakhmangulov, Andrei"]
[Black "Reprintsev, Alexander"]
[Result "1/2-1/2"]
[WhiteElo "2402"]
[BlackElo "2356"]
[PlyCount "145"]
[EventDate "2016.02.19"]
[EventType "swiss (blitz)"]
[EventRounds "22"]
[EventCountry "UKR"]

1. d4 d5 2. c4 dxc4 3. Nc3 e5 4. d5 c6 5. e4 b5 6. dxc6 Qxd1+ 7. Kxd1 Nxc6 8.
Nxb5 Bg4+ 9. f3 O-O-O+ 10. Ke1 Be6 11. Be3 Nd4 12. Bxd4 exd4 13. Bxc4 a6 14.
Bxe6+ fxe6 15. Na3 Bxa3 16. bxa3 Nf6 17. Kd2 Nd7 18. Ne2 Ne5 19. Rhc1+ Kb8 20.
Rab1+ Ka8 21. Rc5 Nd7 22. Rc6 Nb8 23. Rxe6 Rd7 24. Nf4 Rc8 25. Nd5 Ka7 26. Rbb6
Rc5 27. Rbd6 Rb7 28. Kd3 Ra5 29. Kxd4 Rxa3 30. Ke5 Rxa2 31. g4 Rxh2 32. Re7 h5
33. Rxb7+ Kxb7 34. Rg6 Nc6+ 35. Kd6 Nd4 36. Rxg7+ Kb8 37. Rh7 h4 38. g5 Rg2 39.
f4 Nf3 40. e5 Nd4 41. e6 Re2 42. e7 Nf5+ 43. Kc5 Rc2+ 44. Kb4 Nd6 45. Rh8+ Rc8
46. Rf8 h3 47. Nb6 Re8 48. Nd7+ Kc7 49. Nf6 Rxe7 50. Rh8 Kb6 51. Rxh3 Re1 52.
Rh6 Rb1+ 53. Kc3 Nb5+ 54. Kc2 Rf1 55. Nh5+ Kc5 56. g6 Nd4+ 57. Kd3 Nf5 58. Rh8
Rg1 59. g7 Nxg7 60. Rg8 Nxh5 61. Rxg1 Nxf4+ 62. Ke4 Ne6 63. Rc1+ Kb5 64. Kd5
Nf4+ 65. Kd6 Nd3 66. Rb1+ Nb4 67. Ke5 Kc4 68. Ke4 a5 69. Rc1+ Kb3 70. Kd4 Nc2+
71. Rxc2 Kxc2 72. Kc4 a4 73. Kb4 1/2-1/2

[Event "3rd Memory of Nebesna Sotnya-2016 B"]
[Site "Lutsk, Volyn region"]
[Date "2016.02.19"]
[Round "13.4"]
[White "Onischuk, Vladimir"]
[Black "Mirzoev, Emil"]
[Result "1-0"]
[WhiteElo "2728"]
[BlackElo "2432"]
[PlyCount "45"]
[EventDate "2016.02.19"]
[EventType "swiss (blitz)"]
[EventRounds "22"]
[EventCountry "UKR"]

1. e4 e5 2. Nf3 d6 3. d4 exd4 4. Nxd4 Nf6 5. Nc3 Be7 6. g3 O-O 7. Bg2 Re8 8.
O-O Bf8 9. Re1 Nbd7 10. h3 Nc5 11. g4 c6 12. Nb3 Nfd7 13. Bf4 Nxb3 14. axb3 Re5
15. Bg3 Qb6 16. Kh1 a6 17. Qd2 Nf6 18. Rad1 h6 19. Na4 Qc7 20. Bxe5 dxe5 21.
Qd8 Qxd8 22. Rxd8 b5 23. Nb6 1-0

[Event "3rd Memory of Nebesna Sotnya-2016 B"]
[Site "Lutsk, Volyn region"]
[Date "2016.02.19"]
[Round "13.5"]
[White "Mischuk, Dmitry"]
[Black "Kuzubov, Yuriy"]
[Result "0-1"]
[WhiteElo "2425"]
[BlackElo "2712"]
[PlyCount "54"]
[EventDate "2016.02.19"]
[EventType "swiss (blitz)"]
[EventRounds "22"]
[EventCountry "UKR"]

1. e4 c5 2. Nf3 d6 3. d4 cxd4 4. Nxd4 Nf6 5. Nc3 a6 6. g3 e5 7. Nde2 Nbd7 8.
Bg2 b5 9. Nd5 Nxd5 10. Qxd5 Nb6 11. Qd3 Be6 12. Nc3 Rc8 13. Nd5 Nxd5 14. exd5
Bd7 15. O-O Be7 16. f4 Bf6 17. Be4 Qc7 18. fxe5 Bxe5 19. c3 Qc4 20. Bxh7 g6 21.
Bxg6 fxg6 22. Qxg6+ Kd8 23. Bf4 Qc5+ 24. Rf2 Bxf4 25. Qf6+ Kc7 26. Qxf4 Rcf8
27. Qd2 Rxh2 0-1

[Event "3rd Memory of Nebesna Sotnya-2016 B"]
[Site "Lutsk, Volyn region"]
[Date "2016.02.19"]
[Round "13.6"]
[White "Bogdanovich, Stanislav"]
[Black "Alexikov, Alexander"]
[Result "1-0"]
[WhiteElo "2727"]
[BlackElo "2359"]
[PlyCount "67"]
[EventDate "2016.02.19"]
[EventType "swiss (blitz)"]
[EventRounds "22"]
[EventCountry "UKR"]

1. d4 Nf6 2. c4 g6 3. Nf3 Bg7 4. g3 d6 5. Bg2 O-O 6. O-O c6 7. Nc3 Qa5 8. e4 e5
9. d5 cxd5 10. cxd5 b5 11. Nd2 Ba6 12. Re1 Nbd7 13. Nb3 Qc7 14. Bf1 Rab8 15.
Bd2 Qc8 16. Rc1 b4 17. Nb5 Bxb5 18. Rxc8 Rfxc8 19. Bxb5 Rxb5 20. Qe2 a6 21. Rc1
Rxc1+ 22. Bxc1 h5 23. f3 Kh7 24. Be3 Bh6 25. Bxh6 Kxh6 26. Qe3+ Kg7 27. Qa7 Nc5
28. Nd2 Rb7 29. Qa8 Rd7 30. Nc4 g5 31. Qc6 Nd3 32. Nxd6 Nxb2 33. Nf5+ Kg6 34.
Qc8 1-0

[Event "3rd Memory of Nebesna Sotnya-2016 B"]
[Site "Lutsk, Volyn region"]
[Date "2016.02.19"]
[Round "13.7"]
[White "Mikhalsky, Vladimir"]
[Black "Voitovich, Vladislav"]
[Result "0-1"]
[WhiteElo "2363"]
[BlackElo "2268"]
[PlyCount "63"]
[EventDate "2016.02.19"]
[EventType "swiss (blitz)"]
[EventRounds "22"]
[EventCountry "UKR"]

1. c4 Nf6 2. Nc3 e6 3. e4 d5 4. e5 Nfd7 5. cxd5 Nxe5 6. d4 Ng6 7. dxe6 Bxe6 8.
d5 Bc8 9. Bb5+ Bd7 10. Qe2+ Be7 11. Nf3 O-O 12. O-O Re8 13. Re1 a6 14. Bxd7
Nxd7 15. Qc4 Nb6 16. Qb3 Rb8 17. Be3 Nc8 18. Rad1 Nd6 19. h3 Bf6 20. Na4 Qd7
21. Nc5 Qb5 22. Qxb5 Nxb5 23. Nd7 Rbd8 24. Nxf6+ gxf6 25. a4 Nd6 26. Bd4 Ne4
27. Be3 f5 28. Rc1 Re7 29. Ng5 Rxd5 30. Nxe4 fxe4 31. Red1 Rxd1+ 32. Rxd1 0-1

[Event "3rd Memory of Nebesna Sotnya-2016 B"]
[Site "Lutsk, Volyn region"]
[Date "2016.02.19"]
[Round "13.8"]
[White "Babiy, Igor"]
[Black "Razin, Vadim"]
[Result "0-1"]
[WhiteElo "2244"]
[BlackElo "2461"]
[PlyCount "104"]
[EventDate "2016.02.19"]
[EventType "swiss (blitz)"]
[EventRounds "22"]
[EventCountry "UKR"]

1. Nf3 d5 2. c4 e6 3. d4 dxc4 4. Qa4+ Nc6 5. Nc3 Bb4 6. a3 Bxc3+ 7. bxc3 Qd5 8.
Bf4 Bd7 9. Qc2 Qa5 10. Nd2 b5 11. g3 Nge7 12. e4 O-O 13. Bg2 Ng6 14. Be3 e5 15.
d5 Nd8 16. O-O Nb7 17. f4 f5 18. Kh1 Nd6 19. Bc5 Rae8 20. fxe5 Nxe5 21. exf5
Bxf5 22. Rxf5 Nxf5 23. Bxf8 Rxf8 24. Rf1 g6 25. Ne4 Kg7 26. Qd2 Qb6 27. Qg5 Nf7
28. Qf6+ Qxf6 29. Nxf6 Kxf6 30. g4 N7d6 31. gxf5 Nxf5 32. Re1 Rd8 33. Re6+ Kf7
34. Ra6 Ne3 35. Bf3 Nxd5 36. Bxd5+ Rxd5 37. Rxa7 Rc5 38. Kg2 Kf6 39. Kf3 Kf5
40. Ra8 Rd5 41. Rb8 c6 42. Rf8+ Kg5 43. a4 Rd3+ 44. Ke4 Rxc3 45. a5 Ra3 46. Ra8
b4 47. Kd4 c3 48. Kd3 Ra2 49. a6 c5 50. a7 c2 51. Kd2 b3 52. Rb8 Ra1 0-1

[Event "3rd Memory of Nebesna Sotnya-2016 B"]
[Site "Lutsk, Volyn region"]
[Date "2016.02.19"]
[Round "14.1"]
[White "Bortnyk, Mykola"]
[Black "Klymchuk, Andriy"]
[Result "0-1"]
[WhiteElo "2665"]
[BlackElo "2468"]
[PlyCount "68"]
[EventDate "2016.02.19"]
[EventType "swiss (blitz)"]
[EventRounds "22"]
[EventCountry "UKR"]

1. e4 g6 2. d4 Bg7 3. Nc3 d6 4. h3 a6 5. g4 b5 6. Bg2 Bb7 7. Be3 Nd7 8. Nge2 c5
9. O-O cxd4 10. Bxd4 Ngf6 11. Be3 Qc7 12. Ng3 Ne5 13. g5 Nfd7 14. Bd4 O-O 15.
Nd5 Bxd5 16. exd5 Rac8 17. c3 Nc4 18. Bxg7 Kxg7 19. Re1 Rfe8 20. b3 Ncb6 21.
Qd4+ Kg8 22. Re3 e5 23. dxe6 Rxe6 24. Rxe6 fxe6 25. Re1 e5 26. Qg4 Rf8 27. Ne4
Kg7 28. Qe6 d5 29. Nd6 Qxc3 30. Re3 Qc1+ 31. Bf1 Qd2 32. Be2 Qe1+ 33. Bf1 Qxf2+
34. Kh1 Qxf1+ 0-1